Catálogo
 En Linea

Memorias de mi infancia. / (Registro nro. 50339)

Detalles MARC
000 -CABECERA
campo de control de longitud fija 00638nam a22002297a 4500
003 - IDENTIFICADOR DEL NÚMERO DE CONTROL
campo de control DO-SdBNP
005 - FECHA Y HORA DE LA ÚLTIMA TRANSACCIÓN
campo de control 20210830154047.0
007 - CAMPO FIJO DE DESCRIPCIÓN FÍSICA--INFORMACIÓN GENERAL
campo de control de longitud fija ta
008 - DATOS DE LONGITUD FIJA--INFORMACIÓN GENERAL
campo de control de longitud fija 210830e2017 dr ||||er|||| 00| edspa d
020 ## - NÚMERO INTERNACIONAL ESTÁNDAR DEL LIBRO
Número Internacional Estándar del Libro 9781365870972
040 ## - FUENTE DE LA CATALOGACIÓN
Centro catalogador/agencia de origen DO-SdBNP
Lengua de catalogación spa
Centro/agencia transcriptor BNPH
041 ## - CÓDIGO DE LENGUA
Código de lengua original spa
082 ## - NÚMERO DE LA CLASIFICACIÓN DECIMAL DEWEY
Número de documento/Ítem M375m, 2017
100 1# - ENTRADA PRINCIPAL--NOMBRE DE PERSONA
Nombre de persona Martes, Belkis M.
9 (RLIN) 79655
245 13 - MENCIÓN DE TÍTULO
Título Memorias de mi infancia. /
Resto del título Belkis M. Marte
250 ## - MENCIÓN DE EDICIÓN
Mención de edición 2da.
260 ## - PUBLICACIÓN, DISTRIBUCIÓN, ETC.
Lugar de publicación, distribución, etc. New York :
Nombre del editor, distribuidor, etc. Books&Smith,
Fecha de publicación, distribución, etc. 2017
300 ## - DESCRIPCIÓN FÍSICA
Extensión 71 p.:
Otras características físicas il., retr.;
Dimensiones 23 cm
500 ## - NOTA GENERAL
Nota general Incluye biografía de la autora en la cubierta posterior.
590 ## - NOTA LOCAL (RLIN)
Nota local Inventriado 2021 / MF
942 ## - ELEMENTOS DE PUNTO DE ACCESO ADICIONAL (KOHA)
Fuente del sistema de clasificación o colocación Dewey Decimal Classification
Tipo de ítem Koha Libro
Existencias
Estado de retiro Estado de pérdida Fuente del sistema de clasificación o colocación Restricciones de uso No para préstamo Código de colección Localización permanente Ubicación/localización actual Ubicación en estantería Fecha de adquisición Fuente de adquisición Total de préstamos Signatura topográfica completa Código de barras Fecha visto por última vez Precio válido a partir de Tipo de ítem Koha Número de copia
    Dewey Decimal Classification Préstamo en sala   Dominicana de Servicio Biblioteca Nacional Pedro Henríquez Ureña General Depósito 09.08.2021 Depósito legal   M375m, 2017 2021-25871 30.08.2021 30.08.2021 Libro y Folleto Colección Dominicana de Servicio e.3
    Dewey Decimal Classification Excluido de préstamo   Patrimonio Dominicano Biblioteca Nacional Pedro Henríquez Ureña Patrimonio Dominicano Depósito 09.08.2021 Depósito legal   M375m, 2017 2021-25869 30.08.2021 30.08.2021 Libro y Folleto Colección Patrimonio Dominicano  
    Dewey Decimal Classification Excluido de préstamo   Patrimonio Dominicano Biblioteca Nacional Pedro Henríquez Ureña Patrimonio Dominicano Depósito 09.08.2021 Depósito legal   M375m, 2017 2021-25870 30.08.2021 30.08.2021 Libro y Folleto Colección Patrimonio Dominicano e.2

Con tecnología Koha